[Event "ROM-ch U12 Girls"]
[Site "Baile Felix"]
[Date "2017.02.03"]
[Round "2"]
[White "Plingu, Andreea Zina"]
[Black "Costea, Ana Maria Teodora"]
[Result "1/2-1/2"]
[WhiteElo "1001"]
[BlackElo "1050"]
[PlyCount "79"]
[EventDate "2017.02.02"]
[EventType "swiss"]
[EventRounds "9"]
[EventCountry "ROU"]
[SourceTitle "CBM 176 Extra"]
[Source "ChessBase"]
[SourceDate "2017.03.02"]
[SourceVersion "1"]
[SourceVersionDate "2017.03.02"]
[SourceQuality "1"]

1. e4 e5 2. Nc3 Nf6 3. Bc4 Nc6 4. Nf3 Bc5 5. Ng5 0-0 6. Bxf7+ Rxf7 7. Nxf7 Kxf7 8. 0-0 d6 9. d3 Kg8 10. Bg5 Qf8 11. h3 h6 12. Bh4 Be6 13. Na4 Nd7 14. Re1 Bb6 15. Nxb6 axb6 16. Re3 Qe8 17. b3 Ncb8 18. c3 c5 19. d4 cxd4 20. cxd4 exd4 21. Qxd4 Qf8 22. Rf3 Nf6 23. Bxf6 gxf6 24. Rxf6 Qg7 25. Kh2 Nd7 26. e5 dxe5 27. Qd6 Qxf6 28. Re1 Qf4+ 29. Kg1 Re8 30. Re3 Qd4 31. Qc7 Qd1+ 32. Kh2 Qd2 33. Qxb7 Qxf2 34. Rf3 Qb2 35. Rg3+ Kh8 36. Rg6 Kh7 37. Rxe6 Rd8 38. Re7+ Kg6 39. Rxd7 Rxd7 40. Qxd7 1/2-1/2

[Event "ROM-ch U10 Girls"]
[Site "Calimanesti Caciulata"]
[Date "2016.04.23"]
[Round "7"]
[White "Trofin, Daria"]
[Black "Costea, Ana Maria Teodora"]
[Result "1/2-1/2"]
[WhiteElo "1110"]
[BlackElo "1013"]
[PlyCount "75"]
[EventDate "2016.04.18"]
[EventType "swiss"]
[EventRounds "9"]
[EventCountry "ROU"]
[SourceTitle "CBM 172 Extra"]
[Source "ChessBase"]
[SourceDate "2016.06.21"]
[SourceVersion "1"]
[SourceVersionDate "2016.06.21"]
[SourceQuality "1"]

1. d4 d5 2. c4 e6 3. Nc3 Bb4 4. Bd2 Nf6 5. a3 Bxc3 6. Bxc3 Ne4 7. Qd3 Nxc3 8. Qxc3 0-0 9. Nf3 Nc6 10. e3 Bd7 11. Bd3 Re8 12. 0-0 Qe7 13. Rfe1 Qf8 14. b4 Ne7 15. Ne5 Rad8 16. e4 f6 17. Nf3 dxe4 18. Bxe4 b6 19. Bd3 Nf5 20. d5 exd5 21. cxd5 Re7 22. Qxc7 Ra8 23. Bxf5 Rxe1+ 24. Rxe1 Bxf5 25. d6 Rc8 26. Qe7 Rc6 27. Qxf8+ Kxf8 28. Rd1 Ke8 29. b5 Rc5 30. a4 Rc4 31. Ra1 Kd7 32. h4 Kxd6 33. a5 Kc5 34. axb6 axb6 35. Ra7 g6 36. Nd2 Rc1+ 37. Kh2 Rc2 38. Nb3+ 1/2-1/2

[Event "ROM-ch U10 Girls"]
[Site "Calimanesti Caciulata"]
[Date "2016.04.22"]
[Round "6"]
[White "Costea, Ana Maria Teodora"]
[Black "Voicu, Rebeca Maria"]
[Result "1-0"]
[WhiteElo "1013"]
[BlackElo "1001"]
[PlyCount "81"]
[EventDate "2016.04.18"]
[EventType "swiss"]
[EventRounds "9"]
[EventCountry "ROU"]
[SourceTitle "CBM 172 Extra"]
[Source "ChessBase"]
[SourceDate "2016.06.21"]
[SourceVersion "1"]
[SourceVersionDate "2016.06.21"]
[SourceQuality "1"]

1. e4 e5 2. Nf3 Nc6 3. Nc3 Bc5 4. Bc4 Nf6 5. 0-0 0-0 6. d3 d6 7. h3 h6 8. Be3 Nh5 9. Nh2 Nf4 10. Bxf4 exf4 11. Nd5 Qg5 12. Nf3 Qg6 13. Bb5 Bxh3 14. Nxf4 Qg4 15. Nxh3 Ne7 16. Qd2 Ng6 17. Rad1 d5 18. exd5 Bd6 19. Rfe1 Nf4 20. Nxf4 Bxf4 21. Qc3 Qh5 22. Re4 Bd6 23. Rh4 Qxd5 24. Bc4 Qc5 25. Rg4 g5 26. d4 Qf5 27. Nh2 Rae8 28. f3 h5 29. Bd3 Qd7 30. Rxg5+ Kh8 31. Rxh5+ Kg7 32. d5+ f6 33. Rh7+ Kg8 34. Rxd7 Be5 35. Qd2 Bd4+ 36. Kf1 Be3 37. Qc3 Bf4 38. Ng4 Bg5 39. f4 Bh4 40. g3 f5 41. Qg7# 1-0

[Event "ROM-ch U10 Girls"]
[Site "Calimanesti"]
[Date "2015.04.04"]
[Round "7"]
[White "Dorobantu, Maria Andreea"]
[Black "Costea, Ana Maria Teodora"]
[Result "1/2-1/2"]
[WhiteElo "1001"]
[BlackElo "1001"]
[PlyCount "28"]
[EventDate "2015.03.30"]
[EventType "swiss"]
[EventRounds "9"]
[EventCountry "ROU"]
[SourceTitle "CBM 165 Extra"]
[Source "ChessBase"]
[SourceDate "2015.04.21"]
[SourceVersion "1"]
[SourceVersionDate "2015.04.21"]
[SourceQuality "1"]

1. c4 e5 2. g3 Nc6 3. Bg2 Bc5 4. e3 Bb6 5. Ne2 Nf6 6. 0-0 d5 7. Nbc3 0-0 8. h3 Be6 9. b3 Qd7 10. Kh2 Rad8 11. Na4 Rfe8 12. Nxb6 axb6 13. f4 h6 14. fxe5 Nxe5 1/2-1/2

[Event "ROM-ch U10 Girls"]
[Site "Calimanesti"]
[Date "2015.04.02"]
[Round "4"]
[White "Ciontea, Andrada Sorina"]
[Black "Costea, Ana Maria Teodora"]
[Result "0-1"]
[WhiteElo "1001"]
[BlackElo "1001"]
[PlyCount "46"]
[EventDate "2015.03.30"]
[EventType "swiss"]
[EventRounds "9"]
[EventCountry "ROU"]
[SourceTitle "CBM 165 Extra"]
[Source "ChessBase"]
[SourceDate "2015.04.21"]
[SourceVersion "1"]
[SourceVersionDate "2015.04.21"]
[SourceQuality "1"]

1. d4 d5 2. Nf3 Nc6 3. e3 Nf6 4. c4 Be6 5. b3 Bg4 6. h3 Bxf3 7. gxf3 e6 8. Nc3 Be7 9. Ne2 Bb4+ 10. Bd2 0-0 11. Rg1 h6 12. e4 dxe4 13. fxe4 Nxe4 14. Bg2 Nxd2 15. a3 Nf3+ 16. Kf1 Nxg1 17. Nxg1 Bc3 18. Qc2 Bxa1 19. h4 Nxd4 20. Qe4 Nc6 21. Qe3 Qe7 22. Qg3 Qxa3 23. Qe5 Qc1+ 0-1

[Event "ROM-ch U10 Girls"]
[Site "Calimanesti"]
[Date "2015.04.02"]
[Round "5"]
[White "Serbanuta, Teodora"]
[Black "Costea, Ana Maria Teodora"]
[Result "1-0"]
[WhiteElo "1026"]
[BlackElo "1001"]
[PlyCount "45"]
[EventDate "2015.03.30"]
[EventType "swiss"]
[EventRounds "9"]
[EventCountry "ROU"]
[SourceTitle "CBM 165 Extra"]
[Source "ChessBase"]
[SourceDate "2015.04.21"]
[SourceVersion "1"]
[SourceVersionDate "2015.04.21"]
[SourceQuality "1"]

1. e4 e5 2. Nf3 Nc6 3. Bc4 Nf6 4. d3 Bc5 5. Be3 Bb6 6. Nbd2 d6 7. c3 0-0 8. d4 exd4 9. cxd4 Nxd4 10. Nxd4 Bxd4 11. Bxd4 d5 12. exd5 Re8+ 13. Be3 Ng4 14. Qf3 Ne5 15. Qe4 Nxc4 16. Qxc4 Bd7 17. 0-0 a6 18. Rfe1 Bb5 19. Qg4 Bd7 20. Qg3 Kh8 21. Bd4 Rxe1+ 22. Rxe1 Kg8 23. Qxg7# 1-0

[Event "ROM-ch U08 Girls"]
[Site "Calimanesti"]
[Date "2014.04.06"]
[Round "1"]
[White "Schiopu, Oana Magdalena"]
[Black "Costea, Ana Maria Teodora"]
[Result "1-0"]
[WhiteElo "1140"]
[BlackElo "1001"]
[PlyCount "59"]
[EventDate "2014.04.06"]
[EventType "swiss"]
[EventRounds "9"]
[EventCountry "ROU"]
[SourceTitle "CBM 160 Extra"]
[Source "ChessBase"]
[SourceDate "2014.07.01"]
[SourceVersion "1"]
[SourceVersionDate "2014.07.01"]
[SourceQuality "1"]

1. e4 e5 2. Nf3 Nf6 3. Nc3 d6 4. Bc4 Be7 5. d3 0-0 6. 0-0 Nc6 7. h3 h6 8. Be3 Bd7 9. Qd2 a6 10. a3 Na5 11. Ba2 c6 12. Na4 Rb8 13. Bb6 Qe8 14. Bxa5 Qc8 15. Nb6 Qd8 16. Nxd7 Qxd7 17. Bb6 Rbc8 18. Be3 Rce8 19. Nh2 b6 20. Bxb6 Qb7 21. Be3 Qc7 22. f4 exf4 23. Rxf4 Rc8 24. Ng4 Nxg4 25. Rxg4 Qd7 26. Bxh6 Kh7 27. Rxg7+ Kh8 28. Rg4 Kh7 29. Bg7 Rg8 30. Qh6# 1-0